000 01203cam a22003494a 4500
001 8346
003 FISKH
005 20250910081418.0
008 991015s2000 flu c 001 0 eng
010 _a 99053951
020 _a0439153476
_qpbk.
020 _a9780439153478
_q(pbk.)
020 _a9780439153478
040 _aDLC
_cDLC
_dDLC
_beng
050 0 0 _aQL759
_b.S76 2000
082 0 0 _a591.47
_221
100 1 _aStonehouse, Bernard.
245 1 0 _aDefenders /
_cBernard Stonehouse ; illustrated by John Francis.
260 _aLake Mary :
_bTangerine Press,
_c1999.
300 _a48 pages :
_bcolor illustrations ;
_c28 cm.
336 _atext
_btxt
_2rdacontent
337 _aunmediated
_bn
_2rdamedia
338 _avolume
_bnc
_2rdacarrier
520 _aDescribes the many ingenious ways different animals of land, sea, and air defend themselves and their offspring.
650 0 _aAnimal defenses
_vJuvenile literature.
650 1 _aAnimal defenses.
655 7 _aLiterature.
_2lcgft
_0https://id.loc.gov/authorities/genreForms/gf2014026415
700 1 _aFrancis, John,
_d1950-
_eillustrator
906 _a7
_bcbc
_corignew
_d1
_eocip
_f19
_gy-gencatlg
942 _2ddc
_cBK
_n0
999 _c8346
_d8346